Statistics for Space Song-Beach House lyrics

Click here to take the quiz!

General Stats

  • This quiz has been taken 64 times
    (33 since last reset)
  • The average score is 123 of 140

Answer Stats

Answer% Correct
a
100%
It
100%
it
100%
on
100%
You
100%
you
100%
at
94%
eyes
94%
flash
94%
held
94%
in
94%
late
94%
light
94%
night
94%
of
94%
smile
94%
the
94%
tight
94%
was
94%
Was
94%
when
94%
will
94%
your
94%
apart
89%
back
89%
Fall
89%
falls
89%
into
89%
into...
89%
make
89%
place
89%
take
89%
to
89%
Who
89%
empty
83%
From
83%
im
83%
right
83%
seat
83%
side
83%
somewhere
83%
Somewhere
83%
these
83%
while
83%
an
78%
ever
78%
found
78%
get
78%
girls
78%
is
78%
lost
78%
dry
72%
she
72%
this
72%
What
72%
wide-eyed
72%
broken
67%
for
67%
go
67%
heart
67%
makes
67%
round
67%
Tender
67%
Were
67%
world
67%
fragile
61%

Score Distribution

Percentile by Number Answered

Percent of People with Each Score

Your Score History

You have not taken this quiz since the last reset